| 000 | 00705nam a22002417a 4500 | ||
|---|---|---|---|
| 003 | OSt | ||
| 005 | 20250410125859.0 | ||
| 008 | 210301s2002 sp ||||er|||| 00| f spa d | ||
| 020 | _a8484332039 | ||
| 040 |
_aCO-JMCR _cCO-JMCR |
||
| 041 | 0 | _aspa | |
| 082 | 0 | 4 |
_aA-N _bARGm _223 |
| 100 | 1 |
_aArgemí, Raúl, _eautor _914112 |
|
| 245 | 1 | 4 |
_aLos muertos siempre pierden los zapatos / _cRaúl Argemí |
| 260 |
_aSevilla, _bAlgaida Editores, _c2002 |
||
| 300 |
_a334 páginas ; _c22 cm. |
||
| 586 | _aXXI Premio de novela Felipe Trigo | ||
| 650 | 1 | 4 |
_aNovela argentina _932 |
| 650 | 1 | 4 |
_aCalzado _xnovela _914113 |
| 650 | 2 | 4 |
_aNovela policíaca _9214 |
| 650 | 2 | 4 |
_aAsesinatos _xnovela _914114 |
| 942 |
_2ddc _cBK |
||
| 999 |
_c7375 _d7375 |
||